<?xml version="1.0" encoding="UTF-8"?>
<record
    xmlns:xsi="http://www.w3.org/2001/XMLSchema-instance"
    xsi:schemaLocation="http://www.loc.gov/MARC21/slim http://www.loc.gov/standards/marcxml/schema/MARC21slim.xsd"
    xmlns="http://www.loc.gov/MARC21/slim">

  <leader>01815nam a22002177a 4500</leader>
  <datafield tag="999" ind1=" " ind2=" ">
    <subfield code="c">358237</subfield>
    <subfield code="d">358237</subfield>
  </datafield>
  <controlfield tag="003">IT-MiCISF</controlfield>
  <controlfield tag="005">20190410154517.0</controlfield>
  <controlfield tag="008">190410b           ||||| |||| 00| 0 eng d</controlfield>
  <datafield tag="040" ind1=" " ind2=" ">
    <subfield code="c">IT-MiCISF</subfield>
  </datafield>
  <datafield tag="041" ind1=" " ind2=" ">
    <subfield code="a">it</subfield>
  </datafield>
  <datafield tag="100" ind1=" " ind2=" ">
    <subfield code="a">Marchesini Gobetti Ada</subfield>
    <subfield code="9">57791</subfield>
  </datafield>
  <datafield tag="245" ind1=" " ind2=" ">
    <subfield code="a">Non siete soli</subfield>
    <subfield code="b">Scritti da "Il Giornale dei genitori"</subfield>
  </datafield>
  <datafield tag="260" ind1=" " ind2=" ">
    <subfield code="a">Milano</subfield>
    <subfield code="b">Colibr&#xEC;</subfield>
    <subfield code="c">2018</subfield>
  </datafield>
  <datafield tag="300" ind1=" " ind2=" ">
    <subfield code="a">pp.LXXXIII; 290</subfield>
  </datafield>
  <datafield tag="500" ind1=" " ind2=" ">
    <subfield code="a">educazione, educazione-bambini, cultura, storia</subfield>
  </datafield>
  <datafield tag="501" ind1=" " ind2=" ">
    <subfield code="a">Introduzione e cura di Arceri A., postfazione Fofi G.</subfield>
  </datafield>
  <datafield tag="520" ind1=" " ind2=" ">
    <subfield code="a">&#xAB;il Giornale dei genitori&#xBB;, ha impegnato Ada Marchesini Gobetti per dodici anni. "Non siete soli" si proponeva come una raccolta di &#xAB;consigli ai genitori per l'educazione dei figli&#xBB;, ed intendeva fornire alle nuove generazioni di genitori cresciute nel clima del "miracolo economico" strumenti per imparare a &#xAB;sapersi muovere coi figli&#xBB;. In questa "sua" rivista, Ada condivide tale ambizione con molte importanti figure della cultura degli anni Cinquanta e Sessanta che vi collaborarono, ma anche e soprattutto con una nuova generazione di giovani - studiosi, scrittori, militanti - che convergono su un'idea dell'educazione come fatto sociale e umano d'interesse universale, non riducibile alle tecniche, anche quando, sui diversi temi in discussione, interroga il sapere degli "specialisti". Angela Arceri nello scritto introduttivo "L'educazione secondo Ada", ci segnala che le linee essenziali della concezione educativa di Ada affondano nella sua pi&#xF9; tenera infanzia e le ritrova anche nel suo &#xAB;Diario partigiano&#xBB; pubblicato nel 1956. La postfazione di Goffredo Fofi, che fu tra i protagonisti di quell'impresa, definisce un &#xAB;capolavoro pedagogico&#xBB; questi scritti di Ada.</subfield>
  </datafield>
  <datafield tag="650" ind1=" " ind2=" ">
    <subfield code="a">educazione</subfield>
    <subfield code="9">56062</subfield>
  </datafield>
  <datafield tag="654" ind1=" " ind2=" ">
    <subfield code="a">antologia</subfield>
  </datafield>
  <datafield tag="942" ind1=" " ind2=" ">
    <subfield code="2">ddc</subfield>
    <subfield code="c">BK</subfield>
  </datafield>
  <datafield tag="952" ind1=" " ind2=" ">
    <subfield code="0">0</subfield>
    <subfield code="1">0</subfield>
    <subfield code="2">ddc</subfield>
    <subfield code="4">0</subfield>
    <subfield code="6">B_7523_000000000000000</subfield>
    <subfield code="7">1</subfield>
    <subfield code="a">CISF</subfield>
    <subfield code="b">CISF</subfield>
    <subfield code="d">2019-04-10</subfield>
    <subfield code="l">0</subfield>
    <subfield code="o">b7523</subfield>
    <subfield code="p">9788897206439</subfield>
    <subfield code="r">2019-04-10 00:00:00</subfield>
    <subfield code="w">2019-04-10</subfield>
    <subfield code="y">BK</subfield>
  </datafield>
</record>
